[Event "Stockholm op"]
[Site "Stockholm"]
[Date "1994.??.??"]
[Round "?"]
[White "Ornstein, Axel"]
[Black "Agrest, Evgenij"]
[Result "0-1"]
[WhiteElo "2430"]
[BlackElo "2475"]
[Annotator "Agrest,E"]
[PlyCount "95"]
[EventDate "1994.??.??"]
[EventType "swiss"]
[EventRounds "9"]
[EventCountry "SWE"]
[SourceTitle "EXT 2000"]
[Source "ChessBase"]
[SourceDate "1999.11.16"]
[SourceVersion "1"]
[SourceVersionDate "1999.11.16"]
[SourceQuality "1"]

1. d4 f5 2. Nc3 Nf6 3. Bg5 d5 4. Bxf6 exf6 5. e3 Be6 6. h4 $146 (6. Bd3) (6.
Nge2) 6... Qd7 7. Nh3 Nc6 8. Nf4 Bf7 9. Bb5 $5 O-O-O 10. a3 (10. Qf3 $32 Bb4
11. Nd3 $1 $16) 10... Kb8 (10... a6 $5) 11. Qf3 Qd6 $6 (11... a6 12. Ba4 (12.
Bd3 Ne5 $1 $132) (12. Bf1 g5 $5) 12... g6 $13) 12. h5 $1 $14 Ne7 13. O-O-O c6
14. Bd3 Qd7 15. Rdg1 Nc8 16. g4 fxg4 17. Rxg4 (17. Qxg4 $5 Qxg4 18. Rxg4 $36)
17... Nd6 18. Nfe2 $6 (18. Nce2 Ne4 $1 $13) (18. Qg2 f5) (18. Rg2 $5 $14) 18...
Be6 19. Rf4 $6 Nf7 20. Bf5 $2 (20. Rfh4 Bd6 $36 {^=}) 20... Bxf5 21. Rxf5 Bd6
$1 {צf5} 22. h6 $8 (22. Qh3 Ng5 23. Qg4 Rhg8 $17) 22... Nxh6 (22... Ng5 23.
hxg7 $1 Nxf3 24. gxh8=Q Rxh8 25. Rxf3 $44) 23. Rfh5 Rhe8 24. Ng3 Nf7 $1 25. Qg2
Ng5 $1 26. Nd1 (26. f4 Rxe3 27. Nge2 (27. Nce2 Ne4 28. Nxe4 Rxe4 29. Rxh7 Bf8
$17) 27... Ne4 28. Nd1 Rxe2 29. Qxe2 Bxf4+ 30. Kb1 h6 $19) 26... h6 27. f4 Ne6
(27... Ne4 $5) 28. Nf5 Bf8 29. Qg6 Rc8 30. Nc3 Red8 31. Rd1 Qe8 32. Qxe8 Rxe8
33. Rg1 g5 34. fxg5 hxg5 35. Rh7 Rc7 36. Rh8 (36. Rxc7 Kxc7 37. Rh1 $15) 36...
Ng7 $1 $17 37. Rf1 Nxf5 38. Rxf5 Rf7 39. Kd2 Kc7 40. Rh1 Bg7 41. Kd3 Rfe7 42.
Rh3 Kd7 43. Rf1 Re6 44. Ne2 R8e7 {/\Ke8-f7-g6} 45. b3 Re4 46. c4 (46. Nc3 $5)
46... g4 47. Rg3 Bh6 48. Nf4 (48. Nf4 Bxf4 49. Rxf4 Rxf4 50. exf4 f5 51. Rg1
Re4 52. Rf1 dxc4+ 53. Kxc4 Kd6 $19) 0-1

[Event "Pittsburgh op"]
[Site "Pittsburgh"]
[Date "2013.03.02"]
[Round "2"]
[White "Atalik, Suat"]
[Black "Van Oosterom, Chiel"]
[Result "1/2-1/2"]
[WhiteElo "2600"]
[BlackElo "2375"]
[Annotator "Atalik,S"]
[PlyCount "85"]
[EventDate "2013.03.01"]
[EventType "swiss"]
[EventRounds "5"]
[EventCountry "USA"]
[SourceTitle "EXT 2014"]
[Source "ChessBase"]
[SourceDate "2013.11.20"]
[SourceVersion "1"]
[SourceVersionDate "2013.11.20"]
[SourceQuality "1"]

1. d4 f5 2. Nc3 Nf6 3. Bg5 d5 4. e3 {My speciality.} (4. Bxf6 exf6 5. e3 Be6 6.
Bd3 Nc6 7. Nge2 Qd7 8. a3 $13) 4... Be6 5. Bd3 Nbd7 6. Nf3 g6 7. Ne2 Bf7 8. O-O
Bg7 9. Rc1 c6 10. c4 O-O 11. Qb3 Ne4 $5 {An inspired pawn sacrifice.} (11...
Qb6 12. Qa3 Rfe8 $11) 12. Qxb7 (12. cxd5 h6 13. Bf4 Nb6 $132) 12... h6 (12...
dxc4 13. Bxc4 (13. Bxe4 fxe4 14. Nd2 Rb8 15. Qxc6 $14) 13... Bxc4 14. Rxc4 Nd6
15. Qb4 (15. Qxc6 Nb6 $1 (15... Nxc4 16. Qxc4+ Rf7 $16) 16. Rb4 Rc8 (16... h6
17. Rxb6 (17. Bh4 g5 18. Bg3 Rc8 19. Rxb6 Qxb6 20. Qd5+ Rf7 21. Ne5 Bxe5 $1 22.
Bxe5 Nc4 $13) 17... axb6 18. Bf4 $14) 17. Rxb6 $1) 15... Nxc4 16. Qxc4+ Rf7 17.
Nf4 Nb6 18. Qxc6 $16) (12... Nd6 13. Qxc6 dxc4 14. Bc2 $16) 13. Bh4 g5 14. cxd5
$1 gxh4 15. dxc6 Nb6 $2 (15... Ndc5 $5 {looked like the only decent move.} 16.
dxc5 Qxd3 17. Nf4 $1 (17. Ned4 Bxd4 18. Nxd4 (18. exd4 h3) 18... Nxf2) 17...
Qd8 18. Nxh4 e6 $132) (15... Ndf6 16. c7 $18) 16. Nxh4 $2 {After this double
oversight,White still stood better.} (16. c7 $1 Qd7 17. Nxh4 Bd5 18. c8=Q Raxc8
19. Qxd7 Nxd7 20. Nf4 $16) 16... Bd5 $2 (16... e6 $16) 17. Nf4 Nd6 18. Qa6 e6
19. Nhg6 Rf7 20. b4 $5 {I knew that I was about to isolate my Queen there but
pawn march was also tempting.} (20. a4 Ne8 21. Qa5 $16) (20. Rc5 $5) 20... Rc7
21. b5 Ndc4 $138 22. Nxd5 exd5 23. Bxf5 $6 $138 {Greedy!} (23. Nf4 $142 $18 {
was patient and consequent.}) 23... Qg5 24. Bc2 $4 {This was really bad but my
position was so good ,it silently resisted all this abuse.} (24. Be6+ Kh7 25.
Nf4 Bxd4 26. g3 Be5 27. Nxd5 $18) 24... Re8 25. Rcd1 $2 (25. g3 Nd2 26. Qa3
Nxf1 27. Rxf1 $16 {was the only decent line.5 pawns for the Rook are way too
many to deal with.}) 25... Bf8 $4 ({He failed to see the simple} 25... Rxe3 $1
26. fxe3 (26. h4 $5 Qg4 27. Qb7 $1 (27. Rfe1 Re2 $1 $19 (27... Rxe1+ 28. Rxe1
Bxd4 29. Re7 (29. Qb7 Rxb7 30. cxb7 Nd7 31. Re8+ Kg7 32. Re7+ Kf6 33. Rxd7 Qg3)
29... Qg3 $1 30. Rxc7 Qxf2+ 31. Kh2 Be5+ 32. Nxe5 Qxh4+ 33. Kg1 Qe1+ 34. Kh2
Qxe5+ 35. Kg1 Qxc7 36. Qb7 Qf4 $16)) 27... Rxb7 28. cxb7 Re8 29. Rfe1 Rb8 30.
Bf5 Qxd1 31. Rxd1 Rxb7 $19) 26... Nxe3 27. Nf4 Nxc2 28. Qa5 $1 (28. Rd3 Bxd4+)
28... Ne3 29. g3 Nxd1 30. Rxd1 $44) 26. g3 $1 Rg7 27. Ne5 $5 (27. Nf4 Bd6)
27... Nxe5 28. dxe5 Qxe5 29. Bb3 Bc5 30. Rd3 (30. Qa5 $2 Bxe3) 30... Kh8 31.
Qa5 Qe4 32. Rfd1 $4 {Another unexpected lapse.} (32. Qc3 $18) 32... Bb4 33. Qa6
Reg8 $4 {After this he is totally lost.} ({but actually} 33... Rf8 $19 {
should have turned the tables.}) 34. Rd4 Qe7 35. Bxd5 Nxd5 36. Rxd5 Qe6 37. Rd7
$4 (37. Qa4 $18) (37. Rd8 $18) 37... Rxg3+ $1 38. hxg3 Rxg3+ 39. fxg3 $2 {
With a dozen seconds on both clocks I was happy to end the game as a draw.} ({
However the only decent try} 39. Kf1 $5 Qc4+ $11 (39... Qh3+ 40. Ke2 Qh5+ 41.
Kd3 Qf5+ $1 (41... Qxd1+ $2 42. Kc4 $16) 42. Kd4 Rg4+ 43. f4 Rxf4+ 44. exf4
Qxf4+ $11) 40. R1d3 Qc1+ 41. Rd1 Qc4+ 42. R7d3 Rg1+ 43. Kxg1 Qg4+ 44. Kf1 Qh3+
45. Ke2 Qh5+ $11 {would also have ended the game with a draw.}) 39... Qxe3+ 40.
Kg2 Qe2+ 41. Kh3 Qh5+ 42. Kg2 Qe2+ 43. Kh3 1/2-1/2

[Event "ROM-chT"]
[Site "Herculane"]
[Date "1996.??.??"]
[Round "1"]
[White "Atalik, Suat"]
[Black "Marasescu, Ioan"]
[Result "1-0"]
[WhiteElo "2535"]
[BlackElo "2360"]
[Annotator "Atalik,S"]
[PlyCount "81"]
[EventDate "1996.??.??"]
[EventType "team"]
[EventRounds "5"]
[EventCountry "ROU"]
[SourceTitle "CBM 056"]
[Source "ChessBase"]
[SourceDate "1997.02.01"]
[SourceVersion "1"]
[SourceVersionDate "1997.02.01"]
[SourceQuality "1"]

1. d4 f5 2. Bg5 c6 3. c4 Qb6 4. Qd2 d6 5. Nc3 Nd7 6. e4 fxe4 7. Nxe4 Ngf6 8.
Nc3 e5 9. Nge2 Be7 10. h3 (10. d5 $2 Ng4 11. Ne4 Ndf6 $40) 10... O-O 11. Be3
Qc7 12. d5 (12. Ng3 $5) 12... Nb6 13. Ng3 Bd7 14. Be2 (14. b3 cxd5 15. cxd5
Rac8 16. Rc1 Nbxd5 17. Bc4 Be6 18. O-O Nf4 19. Bxf4 Bxc4 20. Nd5 $1 Qd7 21.
Rxc4 Rxc4 22. bxc4 exf4 23. Nxf4) 14... cxd5 15. Nxd5 Nbxd5 16. cxd5 Rfc8 17.
O-O Qc2 18. Bf3 Qxd2 19. Bxd2 Rc4 20. Rfc1 Rac8 21. Rxc4 Rxc4 22. Be3 a6 23.
Bd1 $5 Rc8 (23... Rb4 24. Bb3 a5 25. Bd2 Rb5 26. Rb1 Nxd5 $140 $2 27. Ba4) 24.
Bb3 Bf8 25. a4 Be8 26. Ne2 Bf7 27. Nc3 Be7 28. a5 Bd8 29. g4 h6 30. f4 exf4 31.
Bxf4 Be7 32. Ra4 g5 33. Be3 Nd7 34. Rb4 Rc7 35. Ba7 $1 Bf6 $138 36. Ne4 Be5 37.
Kg2 Kf8 38. Bd4 Ke7 39. Bxe5 Nxe5 40. Rb6 Bg6 $4 (40... Rd7 $10) 41. Nxd6 (41.
Nxd6 Nd7 42. Nf5+ Kf7 43. d6+) 1-0

[Event "SRB-chT"]
[Site "Kragujevac"]
[Date "2015.08.22"]
[Round "3.1"]
[White "Ivanisevic, Ivan"]
[Black "Atalik, Suat"]
[Result "1-0"]
[WhiteElo "2662"]
[BlackElo "2565"]
[Annotator "Atalik,S"]
[PlyCount "81"]
[EventDate "2015.08.20"]
[EventType "team-tourn"]
[EventRounds "11"]
[EventCountry "YUG"]
[SourceTitle "EXT 2016"]
[Source "ChessBase"]
[SourceDate "2015.10.08"]
[SourceVersion "1"]
[SourceVersionDate "2015.10.08"]
[SourceQuality "1"]
[WhiteTeam "Kac Jugovic"]
[BlackTeam "Kraljevo Sloga Turist"]
[WhiteTeamCountry "SRB"]
[BlackTeamCountry "SRB"]

1. d4 f5 2. Nf3 Nf6 3. h3 $5 {An interesting move against the Dutch with the
basic aim of gettin Black out of Leningrad lines.} g6 (3... e6 4. g4 d5 {
is just another set up.}) 4. g4 $5 (4. Bf4 Bg7 5. e3 d6 6. Be2 O-O 7. O-O Nc6)
4... d5 5. g5 (5. Ne5 Nc6 $5) 5... Nh5 $5 {People were critical of my move.} (
5... Ne4 6. h4 (6. Bf4 c5) 6... c5 7. h5 Bg7 {is just another way to handle
this position.}) 6. e3 Bg7 7. Be2 (7. c4 Be6 8. Qb3 dxc4 9. Bxc4 Bxc4 10. Qxc4
Nc6 $132) 7... e6 (7... O-O $5 8. Ne5 $1 (8. Nh4 $2 e5) 8... Nc6 9. Bxh5 Nxe5
10. dxe5 gxh5 11. f4 (11. Qxh5 Bxe5 12. g6 hxg6 13. Qxg6+ Bg7 14. Rg1 Rf7 $13)
11... Be6 12. Qxh5 Bf7 $44) 8. Rg1 c5 (8... Qd6 $6 9. Ne5) 9. Nh4 Qc7 (9...
cxd4 $142 10. exd4 (10. Bxh5 $2 Qb6 $1) 10... O-O 11. Bxh5 gxh5 12. Qxh5 f4 $1
13. g6 h6 14. Nc3 Nc6 15. Ne2 Qb6 $13) 10. Bxh5 gxh5 11. Qxh5+ Kd8 $1 {That
was my main idea, to move the king towards the center and to play for an
attack on the queenside.} (11... Qf7 $6 12. Qxf7+ Kxf7 13. c3 Nd7 14. f4 b6 15.
Nd2 Nf8 16. Nhf3 Ba6 17. Kf2 {did not fit my game plan.}) 12. c3 ({Black
should have always considered the break with} 12. g6 $5 {on every single move
from now on.} Bf6 (12... h6 13. Nf3 Nc6 14. Bd2 (14. Nc3)) 13. g7 Rg8 14. Qxh7
Qf7 15. dxc5 Rxg7 16. Rxg7 Qxg7 17. Qxg7 Bxg7 $44) 12... b6 ({I did not want
to open the position with} 12... cxd4 $2 13. exd4 Bxd4 14. g6 $1 h6 15. Bxh6
$18) 13. Nd2 (13. g6 Nd7 14. gxh7 Nf6 15. Qg5 Rxh7 16. Ng6 Ba6 17. Nd2 Kc8 $44)
13... Nc6 14. Ndf3 Ba6 $6 {Some small mistakes.} (14... Qe7 $1 15. Bd2 (15. g6
Bf6) 15... Kc7 16. Ng2 Ba6 17. Nf4 Kb7 18. O-O-O Bc4 19. Kb1 a5 $44) (14... a5
$6 15. g6 $1 {and White comes fast on the other flank now!}) 15. Bd2 (15. g6
$142 Kc8 16. gxh7 Bf6 17. Nxf5 Bd3 18. Qh6 Bxf5 19. Qxf6 Rxh7 20. Rg8+ Kb7 21.
Rxa8 Kxa8 22. Ng5 Rg7 23. e4 dxe4 24. dxc5 Rd7 25. Be3 Ne5 26. Ke2 $13) 15...
Kc8 16. g6 $5 (16. Ng2 e5 $1 17. dxe5 Bxe5 18. Nxe5 Nxe5 19. Nf4 Nd3+ 20. Nxd3
Bxd3 21. O-O-O Kb7 $44 {is a position where an extra pawn does not matter.})
16... h6 $2 {I have really regretted afterwards that, I have contemplated this
one too quick!} (16... Kb7 17. Ng5 (17. gxh7 Bf6 $44) 17... hxg6 18. Qxg6 Qe7 (
18... Rae8 19. Nf7 (19. Nxe6 Rxe6 20. Qxe6 Rxh4) 19... Rxh4 20. Qxg7 Ka8 21.
Qg3 Qe7 22. O-O-O Rh7 23. Ne5 Nxe5 24. Qxe5 Qd7 $44) 19. Nf7 Rxh4 20. Qxg7 Rf8
21. Ne5 Rxh3 22. Qxe7+ Nxe7 23. O-O-O Rh7 $11) 17. Ng2 Kb7 18. Nf4 Rhe8 19.
O-O-O $16 {The inclusion of g6 and h6 respectively changed the appreciation of
the position.} Na5 (19... Bc4 20. Kb1 a5 21. Ne1 a4 22. Nc2) (19... Bb5 20. Kb1
a5 21. Ne1 a4 22. Nc2 Na5 23. Na3 {and once again Black is on time.}) 20. Kb1
Qd7 (20... Nc4 21. Bc1 Bb5 (21... Nd6 22. Ne5) 22. Qh4 Re7 23. Nh5 Rg8 24. Nxg7
Rexg7 25. Qxh6 Be8 26. Nh4 $18) 21. Bc1 Qa4 (21... Nc4 22. Qh4 Nd6 23. Ne5 Qa4
24. Nf7 $18) 22. b3 Nxb3 $5 {I have really had to go for that even if it was
losing!} (22... Qd7 23. Ne5 Bxe5 24. dxe5 c4 25. b4 Nc6 26. Qxh6 $18) 23. axb3
Qxb3+ 24. Bb2 Rac8 (24... Bc4 25. Nd2 Qa2+ 26. Kc2 Qa4+ 27. Kc1 Ba2 (27... Bb5
28. Qf3 $1 Rac8 29. Kb1 Qa6 30. Rc1 $16) 28. Rde1 cxd4 (28... Rac8 29. Qd1) 29.
exd4 e5 30. Qxf5 Rf8 31. Qe6 Rxf4 32. Qe7+ Ka6 33. Qxg7 Rxf2 34. Qe7 $18) 25.
Nd2 Qa4 26. Qf3 $1 Rc6 27. Rde1 $5 (27. Rc1 Bb5 28. Qd1 Qa6 29. c4 $18) 27...
Bb5 28. Qd1 Qa6 29. Qb3 Ba4 (29... Bd3+ 30. Nxd3 Qxd3+ 31. Qc2 Qxc2+ 32. Kxc2
cxd4 33. exd4 Bxd4 34. Re2 Bg7 35. Nf3 e5 36. Nd4 $18 {is also lost.}) 30. Qa2
Rec8 (30... Bc2+ 31. Ka1 b5 32. Rc1 $18 ({Even} 32. Qxa6+ Rxa6+ 33. Ba3 {works.
} b4 34. cxb4 cxd4 35. Ka2 d3 36. Nb3 $1 $18)) 31. Ka1 R8c7 32. Nh5 $18 {
I should have resigned after this.} Qd3 (32... Qb5 33. Nxg7 Rxg7 34. c4 $18)
33. Nxg7 b5 34. Ne8 Re7 35. Nf3 Ra6 36. Ne5 Qd2 37. Nd6+ Rxd6 38. g7 Re8 39.
dxc5 Ra6 40. c6+ Kb6 41. c4 1-0

[Event "Oberwart op 27th"]
[Site "Oberwart"]
[Date "2005.07.12"]
[Round "4"]
[White "Atalik, Suat"]
[Black "Schroll, Gerhard"]
[Result "1-0"]
[WhiteElo "2561"]
[BlackElo "2351"]
[Annotator "Atalik,S"]
[PlyCount "85"]
[EventDate "2005.07.09"]
[EventType "swiss"]
[EventRounds "9"]
[EventCountry "AUT"]
[SourceTitle "CBM 107"]
[Source "ChessBase"]
[SourceDate "2005.08.01"]
[SourceVersion "1"]
[SourceVersionDate "2005.08.01"]
[SourceQuality "1"]

1. d4 f5 {My opponent was an Army recruit. They have send him too search for
Saddam's mass destruction weapons in Irak however this one should be left
behind!} 2. Nc3 $5 {A solid move chosen frequently by Alex and Ivan.} d5 $5 ({
I was thinking more about} 2... Nf6 3. Bg5 $13) 3. Bf4 e6 4. e3 Nf6 5. Nf3 a6
6. Bd3 Nc6 $6 {A weird looking move.} (6... c5 7. O-O Nc6 8. dxc5 Bxc5 9. Ne2
O-O 10. c4 $14) 7. a3 Bd6 8. Ne2 Qe7 9. c4 e5 10. dxe5 $1 {This is better than}
(10. c5 {which has also looked ok.} Bxc5 (10... exf4 11. cxd6 Qxd6 12. Nxf4 O-O
13. Rc1 $16) 11. Nxe5 Nxe5 12. Bxe5 Bd6 13. Bxd6 Qxd6 14. h3 O-O 15. O-O $14)
10... Nxe5 11. Nxe5 (11. cxd5 $5 Nxf3+ (11... Nxd5 12. Bxe5 Bxe5 13. Qb3 c6 14.
Nxe5 Qxe5 15. Bc4 $16) 12. gxf3 Nxd5 13. Bxd6 Qxd6 14. Bc4 Nb6 (14... Be6 $2
15. e4 Nf4 16. Qxd6 cxd6 17. Bxa6 $18) 15. Qxd6 cxd6 16. Rc1 Bd7 17. Kd2 $14 {
was also an interesting alternative.}) 11... Bxe5 12. Qb3 Ne4 (12... Bxf4 13.
Nxf4 d4 14. O-O-O dxe3 15. Rhe1 O-O 16. Rxe3 Qc5 $14) 13. Qc2 $6 {I had two
better options than this one. Interesting enough I have calculated well but
failed to appreciate the outcomes of those lines.} (13. cxd5 Nc5 14. Qc2 Nxd3+
15. Qxd3 Bxb2 16. Ra2 Be5 17. Bxe5 Qxe5 18. Rc2 O-O 19. O-O Bd7 20. Qb3 $16) (
13. Bxe5 Qxe5 14. cxd5 Nc5 15. Qc4 Qxb2 16. O-O Nxd3 17. Qxd3 O-O 18. Rac1 Qb6
19. Nf4 Qd6 20. Rfd1 Rf7 21. Qc3 $16) 13... dxc4 14. Bxe4 (14. Bxc4 Bd7 15. Rc1
g5 (15... O-O-O $2 16. Bxa6 $18) 16. Bxe5 Qxe5 17. O-O O-O-O $132) 14... fxe4 (
14... Bxf4 $2 15. Bc6+ bxc6 16. Qxc4 $18) 15. Bxe5 (15. Rd1 $2 Bf6 16. Qxc4
Bxb2 17. Bxc7 Be6 18. Qxe4 Bxa3 $17) 15... Qxe5 16. Qxc4 Be6 (16... Bd7 17. Rc1
O-O-O 18. Nd4 Rhf8 19. b4 Rf6 20. Qc5 Qxc5 21. Rxc5 Rdf8 22. O-O $14) 17. Qc3
$1 {An extremely important move.} (17. Qd4 Qxd4 18. Nxd4 Bd5 $11) 17... Qxc3+
18. Nxc3 Bf5 $1 ({I was expecting the normal} 18... O-O 19. Nxe4 (19. Rg1 Bf5
20. O-O-O (20. g4 Bg6 21. h4 Rae8 (21... h6 22. h5 Bh7 23. g5 hxg5 24. Rxg5 Rf7
25. h6 Kh8 (25... Raf8 26. Rd1 $16) 26. hxg7+ Rxg7 27. Rxg7 Kxg7 28. Rd1 $16)
22. Rd1 $40) 20... Rad8 $13) (19. h4 Bf5 20. h5 $40) 19... Bd5 20. Ng5 Bxg2 21.
Rg1 Bc6 22. Ne6 Rf7 23. Rd1 Re7 24. Nd4 Be4 $14) (18... O-O-O $2 19. Nxe4 Bd5
20. Nc3 Bxg2 21. Rg1 Bf3 22. Rxg7 Rhg8 23. Rg3 $16) 19. Nd5 Kf7 $3 {The point!
My opponent showed his qualities as a chess player coming up with this one.} (
19... Rc8 20. O-O-O Kf7 21. Rd2 Rhd8 22. Rhd1 Rd6 23. Nc3 Rxd2 24. Rxd2 Ke6 25.
h4 $14) 20. Nxc7 {All of a sudden the game became extremely tense in all
senses. Here around I have pushed aside a 100 years old looking guy who was
standig too close to my part of the board and my opponent shouted at some
bitch who was talking too loud. Good team work!} Rac8 $1 $11 (20... Rad8 $6 21.
Rc1 Rd7 22. O-O (22. Rc5 Bg4 23. O-O (23. f3 $2 exf3 24. O-O Rd2 25. gxf3 Bh3
$44)) 22... Rc8 23. Rc5 $1 $16 (23. f3 exf3 24. Rxf3 Rdxc7 25. Rxf5+ Ke6 26.
Rxc7 Rxc7 27. g4 g6 28. Rf8 Ke5 $44)) 21. Rc1 {I have decided to sac the
exchange with this one.} (21. Nd5 Rc2 22. O-O (22. b4 $2 Rd8 $40) 22... Rxb2
23. Rfb1 Rxb1+ 24. Rxb1 b5 25. Nc7 Bc8 26. Rd1 Ke7 $11 {did not appeal to me.})
21... Rhd8 $2 {He had to go for the exchange.} (21... Bd7 $1 22. Ke2 Bc6 23.
Rxc6 bxc6 24. Nxa6 c5 25. Rc1 c4 26. Nb4 Ke6 $1 27. Rc3 $44) 22. O-O (22. Rc5
$2 Bd7 $19) 22... Rd2 (22... Rd7 23. Rc5 (23. f3 Kg6 24. Ne6 Rxc1 25. Nf4+ Kf6
26. Rxc1 exf3 27. gxf3 Rd2 $44) 23... Rdxc7 24. Rxf5+ Ke6 25. Rf4 Ke5 26. f3
exf3 27. R4xf3 $14) 23. Rc5 Bd7 (23... g6 24. b4 (24. Rfc1 $6 Rxb2 25. h3 Rd8
26. g4 Rdd2 27. gxf5 Rxf2 28. fxg6+ Kxg6 $11) (24. f3 exf3 25. Rxf3 b6 $132)
24... Ra2 25. Rc3 Rd8 26. h3 Rd3 27. Rc5 $36) (23... Bg4 $6 24. Rfc1 (24. f3 $2
exf3 25. h3 Rxg2+ 26. Kh1 h5 $3 $19)) 24. Rd5 (24. f3 $6 Bb5 $1) 24... Rxd5 $2
$138 {He did not play once again the best.} (24... Rd3 $1 25. f3 Rxd5 26. Nxd5
(26. fxe4+ $4 Rf5 $1 $19) 26... Bb5 27. Rb1 Rc2 28. fxe4 Bd3 29. Nf4 Bxe4 30.
Rf1 Ke7 31. Rf2 Rc1+ $11 {should be a draw.}) 25. Nxd5 Rc2 26. Rb1 $1 $36 {
After this move white was threatening to free his entangled pieces with h4 and
Nh4. Private Schroll did not see it!} Bb5 $2 (26... g5 $1 27. Nc3 Bc6 28. g4 $5
(28. Kf1 $6 g4 29. Ke1 Bb5 30. Nxb5 axb5 31. b4 Ra2 32. Rd1 Rxa3 33. Rd5 Ra1+
34. Kd2 Ra2+ 35. Kc3 $140 $2 Rxf2 36. g3 Rxh2 37. Rxb5 Rg2 38. Kd4 Rxg3 39.
Kxe4 Rf3 40. Rxb7+ Kg6 $17) 28... Ke6 29. Kf1 (29. Kg2 $6 Ke5 30. Kg3 b5 $17)
29... Bb5+ (29... Ke5 $2 30. Ke1 Bb5 (30... Bd7 $6 31. h3 h5 $2 32. gxh5 Bxh3
33. Rd1 $18) 31. Nxb5 axb5 32. Rd1 Rxb2 33. Rd7 b4 34. axb4 Rxb4 35. Rxh7 $18)
30. Nxb5 axb5 31. b4 $14 {White has very few chances to win this ending.}) 27.
h4 $1 {Noone can save Private Schroll after this!} Bd3 28. Nf4 Rd2 (28... b5
29. Rd1 Rxb2 30. Nxd3 exd3 31. Rxd3 $18) 29. Rc1 Rxb2 {With this move he has
even dared to offer a draw. He was lucky not to be under Alex'es or my command
during his military service. My reply was 'We play!'!} 30. Rc7+ Kf6 31. Nh5+
Ke5 32. Rxg7 b5 $138 ({Even after the best} 32... Rb3 {he can not advance his
pawns.} 33. Rxh7 (33. a4 b5 34. axb5 axb5 35. g4 $18) 33... b5 34. Nf4 Rxa3 35.
g4 b4 36. Rb7 b3 37. h5 Bb5 38. h6 (38. Rb6 Bc4 39. h6 $18) 38... b2 39. h7
b1=Q+ 40. Kh2 $18) 33. Ra7 b4 (33... Ra2 34. Rxa6 Kd5 35. Nf6+ Kc4 36. Ra7 Kb3
37. Rxh7 Rxa3 38. g4 $18) 34. axb4 Rxb4 35. Nf4 $5 {I have started to play a
little bit to cautiously around this point!} (35. Rxh7 a5 36. Ra7 a4 37. Nf4
Kf5 38. Ra5+ $18) 35... Bc4 (35... h6 36. g4 $18) 36. Rxh7 Rb8 37. h5 Ra8 38.
Rc7 Bb3 39. h6 Kf6 40. Rc6+ $5 {An unnecessary check!} (40. h7 {Push pawns no
drugs!} a5 (40... Kg5 41. Rc6 Bf7 42. Nh3+ Kf5 43. f3 exf3 44. e4+ $18) 41. Ra7
Rh8 42. Ra6+ Kg7 43. Rxa5 Rxh7 44. Ra7+ Bf7 45. Re7 $18) 40... Kg5 $2 {The
worst square possible for his king he stepped probably because of his
frustration to see his place in the chain of command!} (40... Kf7 41. Nh3 (41.
h7 Kg7 42. Rc7+ Kh6 43. Ra7 Rh8 44. Rxa6+ Kxh7 $18) 41... a5 42. Ng5+ Kg8 43.
Nxe4 a4 44. Rc7 Ra6 45. h7+ Kh8 46. Nc5 $18) (40... Kf5 41. Rc5+ Kf6 42. g4 $18
) 41. Rg6+ Kf5 42. g4+ Ke5 43. h7 1-0